Multimediální aplikace: zvyšování kvality vzdělávání
Význam a prínos využitia multimediálnych aplikácií pri štúdiu. Vhodnosť ich zaradenia do výučby, predovšetkým pre znázorňovanie , vizualizáciu a testovanie prednášajúcej látky. Výhody uplatnenia digitálnych vzdelávacích objektov pri príprave študijných materiálov.
Gespeichert in:
| 1. Verfasser: | |
|---|---|
| Format: | Buchkapitel |
| Sprache: | Tschechisch |
| Schlagworte: | |
| Tags: |
Keine Tags, Fügen Sie das erste Tag hinzu!
|
MARC
| LEADER | 00000naa$a2200000$$$4500 | ||
|---|---|---|---|
| 001 | 0088394 | ||
| 005 | 20231010124810.8 | ||
| 041 | 0 | |a cze | |
| 044 | |a SK | ||
| 245 | 1 | 0 | |a Multimediální aplikace: zvyšování kvality vzdělávání |c Eva Milková |
| 520 | |a Význam a prínos využitia multimediálnych aplikácií pri štúdiu. Vhodnosť ich zaradenia do výučby, predovšetkým pre znázorňovanie , vizualizáciu a testovanie prednášajúcej látky. Výhody uplatnenia digitálnych vzdelávacích objektov pri príprave študijných materiálov. | ||
| 610 | 2 | 0 | |a vzdelávanie |
| 610 | 2 | 0 | |a kvalita |
| 610 | 2 | 0 | |a programovanie |
| 610 | 2 | 0 | |a aplikácie multimediálne |
| 100 | 1 | |a Milková, Eva | |